Normal view
MARC view
- DE-ELECT-39
Entry Topical Term
001 - CONTROL NUMBER
- control field: 86281
003 - CONTROL NUMBER IDENTIFIER
- control field: NUST
005 - DATE AND TIME OF LATEST TRANSACTION
- control field: 20211209143643.0
008 - FIXED-LENGTH DATA ELEMENTS
- fixed length control field: 211209|| aca||aabn | a|a d
040 ## - CATALOGING SOURCE
- Original cataloging agency: NUST
- Transcribing agency: NUST
150 ## - HEADING--TOPICAL TERM
- Topical term or geographic name entry element: DE-ELECT-39
670 ## - SOURCE DATA FOUND
- Source citation: Work cat.: (NUST): Hammad Ahmed Hameed Muhammad Masood Zafar Fahad Maqsood 86279, PR-SOF-2091-Monocular Structure from Motion, 2021.
